[Event "Biel GM"]
[Site "Biel"]
[Date "2006.07.27"]
[Round "4"]
[White "Morozevich, Alexander"]
[Black "Radjabov, Teimour"]
[Result "1-0"]
[WhiteElo "2731"]
[BlackElo "2728"]
[Annotator "Kritz,L"]
[PlyCount "183"]
[EventDate "2006.07.24"]
[EventType "tourn"]
[EventRounds "10"]
[EventCountry "SUI"]
[EventCategory "17"]
[SourceTitle "CBM 114"]
[Source "ChessBase"]
[SourceDate "2006.10.02"]
[SourceVersion "1"]
[SourceVersionDate "2006.10.02"]
[SourceQuality "1"]

1. e4 c5 2. Nf3 Nc6 3. Nc3 {This move aims to avoid the Sveshnikov. Die Idee
dieses Zuges ist es, die Sveshnikov-Variante zu vermeiden.} (3. Bb5 {has
become very popular of late; White can achieve a risk-free game. ist
heutzutage sehr populär geworden, wonach Weiß ein risikofreies Spiel bekommen
kann:} g6 (3... e6 4. Bxc6 bxc6 5. O-O $14) (3... Nf6 4. Bxc6 dxc6 5. d3 $14)
4. Bxc6 dxc6 5. h3 Bg7 6. d3 $14 {In all lines, Black has the unfavourable
doubled pawns, which become a strategic handicap for him. In allen Varianten
hat Schwarz den ungünstigen Doppelbauern, der ihm aus strategischer Sicht zur
Last wird.}) (3. d4 cxd4 4. Nxd4 Nf6 5. Nc3 e5 6. Ndb5 d6 {->leads to long and
thoroughly analysed Sveshnikov liquidations.. ->führt zu langen und
gründlichst durchanalysierten Sveshnikovabwicklungen.}) 3... e5 (3... Nf6 4. e5
(4. Bb5 $5 Nd4 5. e5 Nxb5 6. Nxb5 Nd5 7. Ng5 $1 $36 {White's idea Qf3 or
Qh5-Qf3 is not so easy to ward off - White develops a strong initiative.  Die
weiße Idee Qf3 bzw. Qh5-Qf3 ist nicht leicht zu parieren - Weiß entwickelt
hier starke Initiative.}) 4... Ng4 5. Qe2 Qc7 6. d4 cxd4 7. Nb5 Qb8 8. Bf4 f6
9. Nd6+ $5 exd6 10. exd6+ $44 {For the sacrificed piece, White has managed to
get all the black pieces on bad squares. In my opinion this is sufficient
compensation. Für die geopferte Figur hat Weiß erreicht, dass alle schwarzen
Figuren schlecht stehen. Meiner Ansicht nach ist die Kompensation mehr als
ausreichend.}) (3... e6 {another attempt to transpose to the Sveshnikov. ein
anderer Versuch in Sveshnikov rüberzugehen} 4. d4 cxd4 5. Nxd4 Nf6 6. Nxc6 $1 {
is the critical continuation nowadays. das ist heute die kritische Fortsetzung}
bxc6 (6... dxc6 7. Qxd8+ (7. Bd3 e5 $11) 7... Kxd8 8. e5 Nd5 9. Ne4 $14 {
White has a small but secure advantage based on space. Der kleine aber sichere
weiße Vorteil basiert auf dem Raumvorteil.}) 7. e5 Nd5 8. Ne4 $14) 4. Bc4 Be7 {
Black may have abandoned the d5-square, but he can solve his problems of
development easily. White's advantage is of a more symbolic than real nature.
Schwarz hat zwar das Feld d5 aufgegeben, dafür kann er leicht die
Entwicklungsprobleme lösen. Der Vorteil von Weiß trägt eher einen symbolischen
Charakter.} 5. d3 Nf6 6. O-O {Alternatives are: Alternativen sind:} (6. Nd2 d6
7. Nf1 Nd7 8. Ne3 Bg5 $11 {If Black can exchange his black squared bishop he
has nothing to fear - he only has to swap off all the remaining minor pieces
to hold the draw. Schafft es Schwarz den schwarzfeldrigen Läufer zu tauschen,
so hat er nichts zu befürchten - ihm bleibt lediglich nur noch alle anderen
Leichtfiguren abzutauschen, um die Partie Remis zu halten.}) (6. Ng5 O-O 7. f4
exf4 8. Bxf4 d6 (8... d5 $5 {an interesting gambit. interessanter Gambitzug} 9.
exd5 (9. Nxd5 Nxd5 10. exd5 Bxg5 $17) 9... Na5 $44) 9. O-O Bg4 $132 {According
to latest theory, White has no opening advantage in this variation. Laut dem
aktuellen Theoriestand hat Weiß in dieser Variante keinen Eröffnungsvorteil.})
6... d6 7. h3 {A prophylactic move directed against Bg4. Ein prophylaktischer
Zug, der gegen Bg4 gerichtet ist.} O-O 8. a3 a6 {Black is not playing for a
draw but seeking counterplay. Schwarz spielt nicht auf Unentschieden, sondern
will Gegenspiel bekommen.} (8... Be6 $5 {This appears logical to me. Black's
strategic aim is to remove all the minor pieces from the board, and then the
draw is easily achieved. Scheint mir logisch zu sein. Die strategische Aufgabe
von Schwarz ist es, alle Leichtfiguren vom Brett zu fegen, dann ist das Remis
leicht erreichbar.} 9. Nd5 (9. Ng5 Bxc4 10. dxc4 Nd4 $11 {it is unbelievably
difficult to get at the only weakness in the black camp - the d6-pawn. es ist
unglaublich schwer an die einzige Schwäche im schwarzen Lager - den Bauern d6
- heranzukommen.}) 9... Na5 10. Ba2 (10. Nxf6+ Bxf6 11. Bd5 Nc6 $11) 10... b5 (
10... Nxd5 $4 11. exd5 Bf5 12. b4 cxb4 13. axb4 $18) 11. Bd2 Nxd5 12. exd5 Bf5
$11) 9. Ba2 b5 $146 {The position is very reminiscent of an Anti-Marshall in
the Ruy Lopez. Die Stellung errinert nun sehr an Anti-Marschall in der
Spanischen Partie.} (9... Be6 {leads to equality according to the game
Morosevich - Leko (Dortmund, 2002) führt zum Ausgleich laut Partie Morosevich
- Leko (Dortmund, 2002)} 10. Nd5 Nd4 11. Ne3 Nd7 12. c3 Nxf3+ 13. Qxf3 Bg5 $11)
10. Nd5 a5 {Black's plan turns out to be suspect. He would do better to
complete his piece development with 10...Be6. Der Plan von Schwarz erweist
sich als verdächtig. Besser wäre es die Figurenentwicklung mittels 10....Be6
zu beenden.} (10... Be6 $5 11. c3 Re8 (11... Bxd5 $6 12. exd5 (12. Bxd5 Nxd5
13. exd5 Nb8 $11) 12... Nb8 13. Nh4 Re8 14. Nf5 Bf8 15. Qf3 $16) 12. b4 a5 $132
) 11. c3 a4 12. d4 c4 13. Re1 Re8 14. Nxe7+ Qxe7 15. Bg5 $14 {The appearance
that White is playing practically without his white-squared bishop is not
exact. The bishop will still be able to play a decisive role, after it gets to
the b1-h7 diagonal. White has the bishop pair and a strong centre - Black has
no counterplay. Die Ansicht, dass Weiß praktisch ohne den weißfeldrigen Läufer
spielt, ist nicht zutreffend. Der Läufer wird noch eine entscheidende Rolle
spielen können, nachdem er sich auf die b1-h7 Diagonale stellt. Weiß hat das
Läuferpaar und ein starkes Zentrum, dazu hat Schwarz kein Gegenspiel.} h6 16.
Bh4 Bb7 17. Bb1 Na5 18. Bc2 Nb3 19. Rb1 Qe6 20. Bg3 Rad8 21. Re3 Nh5 22. Bh4
Rd7 23. d5 Qg6 24. Kh2 Bc8 25. Ng1 Rc7 26. Ne2 Nf4 27. Nxf4 exf4 28. Re1 Re5
29. Qf3 f5 30. Qxf4 Rf7 31. Bg3 fxe4 32. Qh4 Rg5 33. Rxe4 Kh7 34. Rbe1 Nc5 35.
f4 Rxd5 36. Qd8 Rd2 37. Qxc8 Rxc2 38. Re8 Qf5 39. Rh8+ Kg6 40. Qg8 Kh5 41. Qe8
Qd7 42. Qe3 Qf5 43. Qf3+ Kg6 44. Qc6 Ne6 45. Rd1 Rxb2 46. Rxd6 Re7 47. Re8 Kf7
48. Rxe7+ Kxe7 49. Qd7+ Kf6 50. Bh4+ g5 51. fxg5+ hxg5 52. Qd8+ Kg6 53. Qg8+
Kf6 54. Bxg5+ Ke5 55. Rd2 Rxd2 56. Bxd2 Qd3 57. Be1 Qe3 58. Bg3+ Kf6 59. Bh4+
Ke5 60. Qb8+ Ke4 61. Qxb5 Qxc3 62. Qc6+ Ke5 63. Qxa4 Nd4 64. Qe8+ Kd5 65. Qd7+
Ke4 66. Qh7+ Nf5 67. Qb7+ Ke5 68. Qb5+ Ke6 69. Qc6+ Nd6 70. Bg3 Qxa3 71. h4 Qd3
72. h5 Qd5 73. Qxd5+ Kxd5 74. Bf4 c3 75. g4 c2 76. Kg3 Ne4+ 77. Kf3 Nf6 78. Bd2
Ke6 79. Kf4 Nd5+ 80. Kg5 Nf6 81. Bc1 Kf7 82. Kf5 Nd5 83. g5 Ne7+ 84. Ke5 Nc6+
85. Ke4 Ne7 86. Kf3 Ke6 87. Kg4 Kf7 88. Bb2 Ke6 89. g6 Ng8 90. Kg5 Nf6 91. h6
Ne4+ 92. Kh4 1-0

[Event "Biel GM"]
[Site "Biel"]
[Date "2006.07.28"]
[Round "5"]
[White "Radjabov, Teimour"]
[Black "Bruzon Batista, Lazaro"]
[Result "1-0"]
[WhiteElo "2728"]
[BlackElo "2667"]
[Annotator "Radjabov,T"]
[PlyCount "85"]
[EventDate "2006.07.24"]
[EventType "tourn"]
[EventRounds "10"]
[EventCountry "SUI"]
[EventCategory "17"]
[SourceTitle "CBM 114"]
[Source "ChessBase"]
[SourceDate "2006.10.02"]
[SourceVersion "1"]
[SourceVersionDate "2006.10.02"]
[SourceQuality "1"]

1. d4 Nf6 2. c4 e6 3. Nf3 d5 {It was an important game to fight for the first
prize after losing to Morozevich in the previous round. Dies war eine wichtige
Partie im Kampf um den ersten Preis, nachdem ich in der vorigen Runde gegen
Morozevich verloren hatte.} 4. Nc3 c6 5. Bg5 Nbd7 6. e3 Be7 $5 {Heading for
Queen's Gambit Declined positions. Strebt Stellungen aus dem Abgelehnten
Damengambit an.} 7. cxd5 exd5 8. Bd3 O-O 9. Qc2 Re8 {A typical piece
regrouping. Now Black aims to coordinate pieces. Eine typische Umgruppierung.
Schwarz will jetzt seine Figuren koordinieren.} 10. O-O Nf8 11. h3 {A
prophylactic move, avoiding any Ng4 or Bg4-h5-g6 and sometimes enabling the
manoeuvre Bf4-h2. Ein prophylaktischer Zug, der Sg4 oder Lg4-h5-g6 ausschaltet
und manchmal das Manöver Lf4-h2 ermöglicht.} g6 12. Bf4 {An interesting move
to bring the bishop on e5. Interessant, der Läufer soll nach e5.} Ne6 13. Be5 {
Here because otherwise there was no need for the fast Bf4. Sonst hätte Weiß
sich mit Lf4 nicht so beeilen müssen.} Ng7 14. Rab1 {Preparing a queenside
attack. Bereitet einen Angriff am Damenflügel vor.} Bf5 15. b4 a6 16. a4 (16.
Na4 $5 $14) 16... Bxd3 17. Qxd3 b5 $1 {The only way to prevent worse
structural position on the queenside. Der einzige Weg, um eine schlechtere
Struktur am Damenflügel zu verhindern.} 18. Rfc1 Nf5 19. e4 $5 (19. Ne2 $5 {
[%cal Ge5f6,Gf3e5]}) (19. Bh2 $5 {to play Ne5 and create some unpleasant
threats was also possible. But I guess Ne2 is more interesting mit der Idee
Se5 und einigen unangenehmen Drohungen war auch möglich. Aber ich schätze, Se2
ist interessanter.}) 19... dxe4 20. Nxe4 Nxe4 (20... bxa4 21. Rxc6 Nxe4 22.
Qxe4 a3 23. g4 Nd6 24. Qd3 (24. Qd5 Nb5 25. Qc4 $14) 24... Nb5 25. d5 Qd7 26.
Qc4 Rad8 27. Rd1 $16) 21. Qxe4 Qd5 (21... f6 {was not that great either
because now g4 is very strong. war auch nicht so besonders, da nun g4 sehr
stark ist.} 22. g4 $1 $16 fxe5 23. gxf5 gxf5 24. Qxc6 (24. Qxf5 exd4 25. Rxc6
Rf8 26. Qe4) 24... Kh8 25. axb5 axb5 26. dxe5 Rg8+ 27. Kh1 (27. Kh2 $14 Qd3)
27... Ra2 28. Rg1 Rxf2 29. Rxg8+ Qxg8 30. Rg1 $16) 22. Qxd5 cxd5 23. axb5 axb5
24. Rc6 $3 {A very important move that had to be foreseen around 5 moves ago.
Ein ganz wichtiger Zug, den es etwa 5 Züge zuvor vorherzusehen galt.} Ra2 25.
Rb6 f6 $1 26. Bh2 (26. Bb8 $16 {would probably be a better move to close the
a8 square for e8 rook, as after the move I played the fantastic manoeuvre
Ra8-a3 was possible. wäre wahrscheinlich besser, um dem Turm e8 das Feld a8 zu
nehmen, denn nach meinem Zug war das fantastische Manöver Ta8-a3 möglich.})
26... Bxb4 $6 (26... Rea8 $3 27. g4 (27. Rxb5 Ra1 $3 28. Rf1 Rxf1+ 29. Kxf1
Ra1+ 30. Ke2 Ra2+ $11) (27. Rf1 $5 Bxb4 28. Rxb5 Bc3 29. Rxd5 R2a4 30. g4 Nxd4
31. Kg2 $14) 27... R8a3 $3 {This was really hard to foresee for Black after
the Bh2 move. Dies war allerdings für Schwarz nach dem Zug Lh2 wirklich schwer
vorherzusehen.} 28. gxf5 Rxf3 29. fxg6 $14) 27. g4 $1 Ba5 (27... Nxd4 $5 {
was probably a better choice. war wahrscheinlich eine bessere Wahl.} 28. Nxd4
Bc5 29. Re6 Rxe6 30. Nxe6 Bxf2+ 31. Kh1 $16 (31. Kf1 $16)) 28. Ra6 $1 Ng7 29.
Rxb5 Ra3 30. Kg2 Bb4 31. Rxa3 (31. Rxf6 $18 {was quite possible but I was not
sure it was the best way objectively. The position I had in the game seemed
easy for me to convert after the plan Ra5 and d5 followed by Nd4-c6. war
durchaus möglich, aber ich war nicht sicher, dass es objektiv den beste Weg
darstellte. Die Position, die ich in der Partie hatte, schien mir leicht
verwertbar zu sein, nämlich nach dem Plan Ta5 und d5 nebst Sd4-c6.}) 31... Bxa3
32. Rxd5 Be7 33. Ra5 $1 Rd8 34. d5 $1 Bb4 35. Rb5 Bc3 36. Kf1 $1 {The rest was
a matter of a good technique which I have never had problems with. Der Rest
war eine Frage guter Technik, mit der ich noch nie Probleme gehabt habe.} h5
37. Ke2 hxg4 38. hxg4 Ra8 39. Rb3 Ba5 40. Nd4 Re8+ 41. Kd3 Be1 42. d6 Rd8 43.
Rb7 1-0